| 000 | 00480nam a2200181Ia 4500 | ||
|---|---|---|---|
| 003 | GCL | ||
| 008 | 140319s9999 xx 000 0 ara d | ||
| 040 |
_aGCL / _cGCL |
||
| 082 | 0 | 4 |
_a814 _bح ص |
| 100 | 1 | _aحازم هاشم | |
| 245 | 1 | 0 |
_aصور من الفساد الجامعى / _cحازم هاشم |
| 300 | _a205 ص | ||
| 490 |
_a100 قصة _v0 |
||
| 650 | 0 | 4 | _aالجامعات والكليات |
| 650 | 0 | 4 | _aالمدرسون |
| 650 | 0 | 4 | _aمقالات |
| 942 |
_2ddc _cBK |
||
| 999 |
_c45024 _d45024 |
||